Everyday things for lively youngsters /

Bibliographic Details
Main Author: Rowland, T. J. S.
Format: Microform Book
Language:English
Published: London : Cassell and Co., 1938
Series:Opie collection of children's literature ; 024:097.
Subjects:

MARC

Tag First Indicator Second Indicator Subfields
LEADER 00000cam a2200000Ia 4500
001 in00002567310
005 20151201154241.0
007 he amb---bacp
007 hz bhb---babp
008 980512s1938 enka jb 000 0 eng d
035 |a (OCoLC)ocm39107527 
037 |a CL0021000024  |b ProQuest Information and Learning, 300 N. Zeeb Rd., Ann Arbor, MI 48106-1346 
040 |a OPP  |c OPP  |d UtOrBLW 
049 |a OPPA 
090 |a PZ5  |b .O67 1990 no.024:097. 
100 1 |a Rowland, T. J. S. 
245 1 0 |a Everyday things for lively youngsters /  |c by T.J.S. Rowland ; illustrated by the author. 
264 1 |a London :  |b Cassell and Co.,  |c 1938 
264 3 |a London :  |b Printed by Lowe and Brydone Printers 
300 |a 127 pages :  |b illustrations 
336 |a text  |b txt  |2 rdacontent 
337 |a microform  |b h  |2 rdamedia 
338 |a microfiche  |b he  |2 rdacarrier 
500 |a Reproduction of original in the Bodleian Library. 
510 4 |a Opie  |c FF 113 
533 |a Microfiche.  |b Ann Arbor, Mich. :  |c UMI,  |d 1997.  |e 2 microfiche ; 11 x 15 cm.  |f (Opie collection of children's literature ; 024:097).  |7 s1997 miun b 
500 |a Microform. 
650 0 |a Physical sciences  |v Juvenile literature. 
830 0 |a Opie collection of children's literature ;  |v 024:097. 
999 |a MARS 
999 f f |s cf512f4c-1566-3539-9d91-32866b9ad3e4  |i 64bf7587-8f10-3066-a872-5536d89d38d6  |t 0 
952 f f |a Texas A&M University  |b College Station  |c Sterling C. Evans Library  |d Evans: Microforms Fiche (3rd floor)  |t 0  |e PZ5 .O67 1990 no.024:097.  |h Library of Congress classification 
998 f f |a PZ5 .O67 1990 no.024:097.  |t 0  |l Evans: Microforms Fiche (3rd floor)